Графический интерфейс комплекса ANSYS

Podrobná bibliografie
Hlavní autor: Басов К. А. Константин Андреевич
Shrnutí:В книге рассмотрен Графический интерфейс пользователя (GUI) комплекса метода конечных элементов (МКЭ) ANSYS. В книгу входят общее описание комплекса, сведения о графическом интерфейсе пользователя и типах применяемых конечных элементов. Книга предназначена лицам, изучающим комплекс под руководством инструктора (преподавателя). При написании книги автор опирался на собственный опыт преподавания на кафедре одного из московских технических университетов и учитывал опыт, накопленный учебным центром компании ЕМТ. Книга может быть использована студентами машиностроительных специальностей высших технических учебных заведений и инженерами-исследователями.
Jazyk:ruština
Vydáno: Москва, ДМК Пресс, 2006
Edice:Самоучитель
Témata:
Médium: Kniha
KOHA link:https://koha.lib.tpu.ru/cgi-bin/koha/opac-detail.pl?biblionumber=64867

MARC

LEADER 00000nam0a2200000 4500
001 64867
005 20231031070023.0
010 |a 594074074X 
035 |a (RuTPU)RU\TPU\book\68869 
090 |a 64867 
100 |a 20040609d2006 m y0rusy50 ca 
101 0 |a rus 
102 |a RU 
105 |a a z 001zy 
200 1 |a Графический интерфейс комплекса ANSYS  |f К. А. Басов 
210 |a Москва  |c ДМК Пресс  |d 2006 
215 |a 248 с.  |c ил. 
225 1 |a Самоучитель 
320 |a Библиогр.: с. 246-247. 
330 |a В книге рассмотрен Графический интерфейс пользователя (GUI) комплекса метода конечных элементов (МКЭ) ANSYS. В книгу входят общее описание комплекса, сведения о графическом интерфейсе пользователя и типах применяемых конечных элементов. Книга предназначена лицам, изучающим комплекс под руководством инструктора (преподавателя). При написании книги автор опирался на собственный опыт преподавания на кафедре одного из московских технических университетов и учитывал опыт, накопленный учебным центром компании ЕМТ. Книга может быть использована студентами машиностроительных специальностей высших технических учебных заведений и инженерами-исследователями. 
610 1 |a компьютерная графика 
610 1 |a деформируемые тела 
610 1 |a графический интерфейс 
610 1 |a метод конечных элементов 
610 1 |a конечные элементы 
610 1 |a геометрические модели 
610 1 |a создание 
610 1 |a логические операции 
610 1 |a самоучители 
610 1 |a учебные пособия 
610 1 |a ANSYS 
610 1 |a механика 
675 |a 681.327.1(075.4)  |v 3 
675 |a 539.3(075.4)  |v 3 
700 1 |a Басов  |b К. А.  |g Константин Андреевич 
801 1 |a RU  |b 63413507  |c 20040609  |g PSBO 
801 2 |a RU  |b 63413507  |c 20080911  |g PSBO 
942 |c BK